[Event "New West Fall op"]
[Site "New Westminster CAN"]
[Date "2019.10.12"]
[Round "2.10"]
[White "Cheng, Louis"]
[Black "Taylor, Ashton"]
[Result "1-0"]
[WhiteElo "1935"]
[BlackElo "1826"]
[PlyCount "95"]
[EventDate "2019.10.12"]
[EventType "swiss"]
[EventRounds "6"]
[EventCountry "CAN"]

1. d4 Nf6 2. Nf3 g6 3. e3 Bg7 4. Bb5 O-O 5. O-O c6 6. Bd3 d5 7. Nbd2 Re8 8. Qe2
Nbd7 9. Ne5 Nxe5 10. dxe5 Nd7 11. f4 Nc5 12. b4 Nxd3 13. cxd3 Qb6 14. Rb1 Bf5
15. g4 Bd7 16. d4 Kh8 17. f5 gxf5 18. gxf5 Rg8 19. Kh1 f6 20. e6 Be8 21. Rg1
Qc7 22. Nb3 b6 23. Bd2 a5 24. bxa5 bxa5 25. Nc5 Qa7 26. Rb7 Qxb7 27. Nxb7 Rb8
28. Qa6 Bh5 29. h3 Bf3+ 30. Kh2 Bh6 31. Rxg8+ Rxg8 32. Qf1 Bh5 33. Nxa5 Bg5 34.
Nxc6 Rc8 35. Nxe7 Rc2 36. Qd3 Rxa2 37. Qc3 Kg7 38. Nxd5 Bf3 39. Nb4 Ra7 40. d5
Kh6 41. d6 Rg7 42. e4 Bf4+ 43. Bxf4+ Rg5 44. Qxf3 Kg7 45. Bxg5 h5 46. Qxh5 Kg8
47. Qf7+ Kh8 48. Bxf6# 1-0

[Event "New West Fall op"]
[Site "New Westminster CAN"]
[Date "2019.10.13"]
[Round "3.1"]
[White "Gorovets, Andrey"]
[Black "Moura, Eduardo"]
[Result "1-0"]
[WhiteElo "2526"]
[BlackElo "2066"]
[PlyCount "77"]
[EventDate "2019.10.12"]
[EventType "swiss"]
[EventRounds "6"]
[EventCountry "CAN"]

1. d4 d6 2. e4 Nf6 3. Nc3 e5 4. Nge2 Be7 5. g3 c6 6. a4 O-O 7. Bg2 Nbd7 8. O-O
b6 9. h3 Bb7 10. f4 a6 11. g4 b5 12. Qe1 b4 13. Nd1 c5 14. d5 exf4 15. Nxf4 Ne8
16. Ne3 a5 17. Nf5 Ba6 18. Rf3 Bf6 19. Nh5 Bg5 20. Bxg5 Qxg5 21. Qg3 Ne5 22.
Rf2 Kh8 23. Ne3 g6 24. Nf4 Ng7 25. Bf1 Bxf1 26. Raxf1 Qe7 27. Nd3 f6 28. Nxe5
fxe5 29. Nc4 g5 30. Rxf8+ Rxf8 31. Rxf8+ Qxf8 32. Qf2 Qxf2+ 33. Kxf2 Ne8 34.
Nxa5 Kg7 35. Nc4 Kf6 36. a5 Ke7 37. a6 Nc7 38. a7 Kd7 39. Nb6+ 1-0

[Event "New West Fall op"]
[Site "New Westminster CAN"]
[Date "2019.10.13"]
[Round "3.2"]
[White "Roback, Joe"]
[Black "Dixit, Arun"]
[Result "1/2-1/2"]
[WhiteElo "1986"]
[BlackElo "2166"]
[PlyCount "53"]
[EventDate "2019.10.12"]
[EventType "swiss"]
[EventRounds "6"]
[EventCountry "CAN"]

1. e4 c5 2. Nf3 g6 3. d4 cxd4 4. Nxd4 Nc6 5. c4 Bg7 6. Be3 Nf6 7. Nc3 O-O 8.
Be2 d6 9. O-O Bd7 10. f3 Rc8 11. Qd2 Re8 12. Rac1 a6 13. Rfd1 Nxd4 14. Bxd4 Qa5
15. Kh1 Be6 16. b3 Nd7 17. Bxg7 Kxg7 18. f4 f6 19. Rf1 Rc7 20. Rf3 b5 21. f5
Bf7 22. Rh3 g5 23. Bh5 Bxh5 24. Rxh5 bxc4 25. b4 Qxb4 26. Qd1 Nc5 27. Rxh7+
1/2-1/2

[Event "New West Fall op"]
[Site "New Westminster CAN"]
[Date "2019.10.13"]
[Round "3.3"]
[White "Amerkeshev, Madiyar"]
[Black "Petrov, Ivan"]
[Result "1-0"]
[WhiteElo "2066"]
[BlackElo "1838"]
[PlyCount "99"]
[EventDate "2019.10.12"]
[EventType "swiss"]
[EventRounds "6"]
[EventCountry "CAN"]

1. d4 d5 2. c4 c6 3. Nf3 Nf6 4. Qc2 g6 5. Bf4 Bf5 6. Qb3 Qb6 7. e3 Bg7 8. Nc3
Nbd7 9. h3 O-O 10. Be2 dxc4 11. Bxc4 Qxb3 12. Bxb3 Bd3 13. Kd2 Ba6 14. Rhc1
Rac8 15. Ke1 Nb6 16. Bh2 h6 17. Ne5 Nfd5 18. Bxd5 cxd5 19. b3 Bxe5 20. Bxe5 Rc6
21. a4 Rfc8 22. Kd2 e6 23. g4 Nd7 24. Bg3 Rd8 25. Nb5 Bxb5 26. axb5 Rxc1 27.
Rxc1 Nb6 28. Ra1 Nc8 29. Kc3 b6 30. Kb4 Rd7 31. h4 Kg7 32. g5 h5 33. Rc1 Ne7
34. Be5+ Kf8 35. Bf6 Ke8 36. f3 Rb7 37. e4 Kd7 38. Be5 Kd8 39. Kc3 Kd7 40. Kd3
Kd8 41. Ke3 Kd7 42. Kf4 Kd8 43. Bd6 Nc8 44. Ke5 Nxd6 45. Kxd6 Rd7+ 46. Ke5 Ke7
47. Rc8 dxe4 48. fxe4 Rb7 49. d5 Rd7 50. Rb8 1-0

[Event "New West Fall op"]
[Site "New Westminster CAN"]
[Date "2019.10.13"]
[Round "3.4"]
[White "Erichsen, Dan"]
[Black "Wu, Charles"]
[Result "1/2-1/2"]
[WhiteElo "2052"]
[BlackElo "1824"]
[PlyCount "105"]
[EventDate "2019.10.12"]
[EventType "swiss"]
[EventRounds "6"]
[EventCountry "CAN"]

1. e4 d5 2. exd5 Qxd5 3. Nc3 Qd6 4. d4 c6 5. Bc4 Nf6 6. Nge2 Bf5 7. Bf4 Qb4 8.
Bb3 e6 9. Qd2 Nbd7 10. Ng3 Bg6 11. O-O-O Nd5 12. Nxd5 Qxd2+ 13. Rxd2 cxd5 14.
Re1 Nb6 15. Bc7 Be7 16. f4 O-O 17. f5 Bg5 18. fxg6 Bxd2+ 19. Kxd2 hxg6 20. c3
Rfc8 21. Bf4 Nc4+ 22. Kc1 b5 23. Kb1 a5 24. Rc1 a4 25. Bd1 f6 26. Bg4 Kf7 27.
Re1 Rc6 28. Nf1 g5 29. Bc1 Rb8 30. Ne3 f5 31. Nxc4 bxc4 32. Bd1 a3 33. Re2 g4
34. Bf4 Rb7 35. h3 gxh3 36. gxh3 Rcb6 37. b4 cxb3 38. axb3 Rxb3+ 39. Bxb3 Rxb3+
40. Ka2 Rxc3 41. Re3 Rc4 42. Be5 Ra4 43. Rg3 g6 44. Rxa3 Rxa3+ 45. Kxa3 g5 46.
Kb4 g4 47. hxg4 fxg4 48. Kc5 Kg6 49. Kd6 Kf5 50. Bh2 Ke4 51. Bg1 Kf5 52. Bf2
Kf6 53. Bg3 1/2-1/2

[Event "New West Fall op"]
[Site "New Westminster CAN"]
[Date "2019.10.13"]
[Round "3.5"]
[White "Shinn, Jungmin"]
[Black "He, Matthew"]
[Result "1/2-1/2"]
[WhiteElo "1922"]
[BlackElo "1731"]
[PlyCount "140"]
[EventDate "2019.10.12"]
[EventType "swiss"]
[EventRounds "6"]
[EventCountry "CAN"]

1. c4 e5 2. Nc3 d6 3. e4 Be7 4. Nf3 f5 5. d4 fxe4 6. Nxe4 Bf5 7. Bd3 Bg4 8.
dxe5 dxe5 9. Be2 Qxd1+ 10. Bxd1 Nf6 11. Ba4+ Bd7 12. Bxd7+ Nbxd7 13. Nxf6+ Bxf6
14. Be3 O-O 15. O-O-O Rad8 16. b3 h6 17. Nd2 Be7 18. Ne4 b6 19. f3 Nf6 20. Nc3
c6 21. Rxd8 Rxd8 22. Rd1 Rxd1+ 23. Kxd1 Kf7 24. Ke2 Ke6 25. Kd3 Kf5 26. a4 Bb4
27. Na2 Bd6 28. Nc3 Bb4 29. Ne2 g5 30. g4+ Ke6 31. Ng3 c5 32. h3 Ba3 33. Nf5
Ng8 34. h4 gxh4 35. Nxh4 Kf6 36. Ke4 Bb2 37. Kd5 Bd4 38. Bd2 Bf2 39. Ng2 Ne7+
40. Kd6 Bg3 41. Kd7 h5 42. gxh5 Nf5 43. Ne3 Nd4 44. Ng4+ Kf7 45. Nh6+ Kg7 46.
Ke7 Bf4 47. Bxf4 exf4 48. Ng4 Nxf3 49. h6+ Kh7 50. Kf6 Nd4 51. Kg5 f3 52. Kf4
Nxb3 53. Kxf3 Nd2+ 54. Kf4 Nxc4 55. Kg5 a6 56. Nf6+ Kh8 57. Nd5 b5 58. axb5
axb5 59. Kg6 b4 60. Kf5 Nd2 61. Kf4 b3 62. Ke3 Nc4+ 63. Kd3 b2 64. Kc2 Kh7 65.
Nc3 Kxh6 66. Na4 Kg5 67. Nxc5 b1=N 68. Ne4+ Kf4 69. Kxb1 Nd2+ 70. Kc2 Nxe4
1/2-1/2

[Event "New West Fall op"]
[Site "New Westminster CAN"]
[Date "2019.10.13"]
[Round "3.6"]
[White "Wu, Nathan"]
[Black "Yang, Brian"]
[Result "0-1"]
[WhiteElo "1691"]
[BlackElo "1959"]
[PlyCount "76"]
[EventDate "2019.10.12"]
[EventType "swiss"]
[EventRounds "6"]
[EventCountry "CAN"]

1. d4 Nf6 2. Bf4 d5 3. e3 c5 4. dxc5 e6 5. b4 a5 6. c3 Nc6 7. Bb5 Bd7 8. Bxc6
Bxc6 9. Qd4 b6 10. cxb6 axb4 11. a4 bxa3 12. Bc7 Qc8 13. Nf3 Ra4 14. Qd1 Qa6
15. Nd4 Bb7 16. Qb3 Nd7 17. Ra2 e5 18. Nf5 Nc5 19. Qc2 f6 20. Nd6+ Bxd6 21.
Bxd6 Nd3+ 22. Kd1 Nb2+ 23. Ke1 Nc4 24. Bb4 Kf7 25. Qb3 Ra8 26. Bc5 Qa5 27. Bd6
Nxd6 28. Qc2 Qxb6 29. Qxh7 Ne4 30. Qh5+ Ke7 31. Nd2 Nxc3 32. Qg6 Kf8 33. h4 Qb5
34. Qh5 Bc8 35. f4 Nxa2 36. fxe5 Bg4 37. Qh8+ Kf7 38. e6+ Kxe6 0-1

[Event "New West Fall op"]
[Site "New Westminster CAN"]
[Date "2019.10.13"]
[Round "3.7"]
[White "Yang, Jingyun (Ryan)"]
[Black "Cheng, Louis"]
[Result "1/2-1/2"]
[WhiteElo "1784"]
[BlackElo "1935"]
[PlyCount "93"]
[EventDate "2019.10.12"]
[EventType "swiss"]
[EventRounds "6"]
[EventCountry "CAN"]

1. e4 e6 2. Nf3 d5 3. exd5 exd5 4. d4 Nf6 5. Bd3 Be7 6. O-O O-O 7. Re1 Nbd7 8.
Nbd2 c5 9. c3 c4 10. Bc2 b5 11. Ne5 Bb7 12. Ndf3 Ne4 13. Nxd7 Qxd7 14. Ne5 Qc7
15. Bf4 Bd6 16. f3 f6 17. fxe4 fxe5 18. Bxe5 Bxe5 19. dxe5 Qxe5 20. exd5 Qxd5
21. Qxd5+ Bxd5 22. Re5 Rad8 23. Bf5 Bc6 24. Rc5 Rf6 25. Re1 Kf8 26. Rf1 Rd2 27.
Bh3 Rdd6 28. g3 a6 29. Rxf6+ gxf6 30. Bc8 Be4 31. Kf2 Bb1 32. a3 Kg7 33. Rc7+
Kg6 34. Ra7 Rd2+ 35. Ke3 Rxh2 36. Bxa6 Rxb2 37. Rb7 Rb3 38. Kd4 Rxa3 39. Bxb5
Bd3 40. Bxc4 Bxc4 41. Kxc4 h5 42. Kd4 Kf5 43. Rg7 Ke6 44. c4 Ra1 45. Kc5 Rg1
46. Rh7 Rxg3 47. Rxh5 1/2-1/2

[Event "New West Fall op"]
[Site "New Westminster CAN"]
[Date "2019.10.13"]
[Round "3.8"]
[White "Escandor, Manuel Omana"]
[Black "Pitre, Hanniegn"]
[Result "1-0"]
[WhiteElo "1763"]
[BlackElo "1918"]
[PlyCount "87"]
[EventDate "2019.10.12"]
[EventType "swiss"]
[EventRounds "6"]
[EventCountry "CAN"]

1. d4 Nf6 2. Bf4 d6 3. Nf3 g6 4. e3 Bg7 5. Nbd2 Nh5 6. Bg3 O-O 7. Be2 Na6 8.
Ne4 c5 9. c3 Bf5 10. Nfd2 Nf6 11. Ng5 cxd4 12. exd4 e5 13. dxe5 dxe5 14. Bxa6
bxa6 15. O-O Bd3 16. Re1 Nh5 17. Nde4 Nxg3 18. Nxg3 h6 19. N5e4 Qd5 20. Qf3
Rad8 21. Nf6+ Bxf6 22. Qxf6 e4 23. b3 Rfe8 24. c4 Qg5 25. Qxa6 f5 26. h4 Qg4
27. h5 f4 28. Nf1 Bxf1 29. Rxf1 gxh5 30. Kh2 Re6 31. Qa5 Qh4+ 32. Kg1 Rg6 33.
Qf5 Rdd6 34. Qxe4 Rde6 35. Qa8+ Kh7 36. Rfd1 Re7 37. Rd8 Rxg2+ 38. Kxg2 Rg7+
39. Kf1 Qh3+ 40. Ke2 f3+ 41. Kd2 Rd7+ 42. Kc3 Rxd8 43. Qxd8 Qf5 44. Qd3 1-0

[Event "New West Fall op"]
[Site "New Westminster CAN"]
[Date "2019.10.13"]
[Round "3.9"]
[White "Su, Ethan"]
[Black "Song, Ethan"]
[Result "1-0"]
[WhiteElo "1902"]
[BlackElo "1633"]
[PlyCount "105"]
[EventDate "2019.10.12"]
[EventType "swiss"]
[EventRounds "6"]
[EventCountry "CAN"]

1. e3 e5 2. c4 c6 3. Nf3 d6 4. Nc3 Nf6 5. d3 Bf5 6. Nd2 Nbd7 7. Be2 Be7 8. b3
Rc8 9. Bb2 O-O 10. O-O Qb6 11. Nde4 Nxe4 12. Nxe4 Bxe4 13. dxe4 Nf6 14. Bf3
Rfd8 15. Qe2 Qc7 16. g3 Qb8 17. Bg2 Qc7 18. Rad1 b5 19. Rd3 bxc4 20. bxc4 Rb8
21. Rfd1 Nd7 22. f4 Nc5 23. R3d2 f6 24. Ba3 Na4 25. Qg4 Nc5 26. Bxc5 dxc5 27.
Qe6+ Kf8 28. Rd7 Rxd7 29. Rxd7 Qxd7 30. Qxd7 Rb1+ 31. Bf1 exf4 32. exf4 Re1 33.
Qxc6 a5 34. Qa6 Kf7 35. Qb7 a4 36. Kf2 Rc1 37. Qd5+ Kf8 38. Qa8+ Kf7 39. Qxa4
Rb1 40. Bd3 Rb4 41. Qc2 f5 42. e5 g6 43. a4 Bd8 44. Be2 h5 45. Qd1 Ke8 46. Bf3
Rb6 47. Qd5 g5 48. Qg8+ Ke7 49. Qxg5+ Kd7 50. Qxf5+ Ke8 51. Bxh5+ Rg6 52. Bxg6+
Ke7 53. Qf7# 1-0

[Event "New West Fall op"]
[Site "New Westminster CAN"]
[Date "2019.10.13"]
[Round "3.10"]
[White "Zhang, Andy"]
[Black "Gu, Chuyang"]
[Result "1-0"]
[WhiteElo "1687"]
[BlackElo "1806"]
[PlyCount "59"]
[EventDate "2019.10.12"]
[EventType "swiss"]
[EventRounds "6"]
[EventCountry "CAN"]

1. Nf3 Nf6 2. g3 e6 3. d4 d5 4. Bg2 c5 5. c4 Nc6 6. cxd5 exd5 7. Nc3 Be7 8. O-O
O-O 9. Bg5 Be6 10. e3 c4 11. Ne5 h6 12. Bf4 Bf5 13. b3 g5 14. Nxc6 bxc6 15. Be5
Bd3 16. Re1 Bb4 17. Bxf6 Qxf6 18. Qd2 Rad8 19. a3 Ba5 20. b4 Bc7 21. Na4 Bd6
22. Nb2 Bg6 23. e4 Bc7 24. e5 Qf5 25. Re3 Rfe8 26. Rae1 Qd7 27. Rf3 a5 28. h4
g4 29. Rf6 h5 30. e6 1-0

[Event "New West Fall op"]
[Site "New Westminster CAN"]
[Date "2019.10.13"]
[Round "4.1"]
[White "Amerkeshev, Madiyar"]
[Black "Gorovets, Andrey"]
[Result "0-1"]
[WhiteElo "2066"]
[BlackElo "2526"]
[PlyCount "108"]
[EventDate "2019.10.12"]
[EventType "swiss"]
[EventRounds "6"]
[EventCountry "CAN"]

1. d4 d5 2. Bf4 c5 3. e3 cxd4 4. exd4 Nc6 5. c3 Bf5 6. Qb3 Qd7 7. Nf3 e6 8. Bb5
f6 9. Nbd2 Nge7 10. Bg3 g5 11. O-O h5 12. h4 g4 13. Ne1 Bh6 14. Qd1 O-O 15. Nd3
Bxd3 16. Bxd3 f5 17. f3 Be3+ 18. Bf2 Bxf2+ 19. Rxf2 g3 20. Re2 Ng6 21. Qe1 Qc7
22. Nf1 Nf4 23. Qxg3+ Kh8 24. Qg5 Nxe2+ 25. Bxe2 Qh7 26. Qf4 Qg6 27. Bb5 Nd8
28. Re1 Rg8 29. Qe5+ Rg7 30. Re2 Qf7 31. f4 Qc7 32. Qxc7 Rxc7 33. Be8 Rb8 34.
Ne3 b5 35. a3 Rh7 36. Nf1 Kg7 37. Ng3 Kf6 38. Bxh5 a5 39. b4 Nb7 40. Bf3 Rc8
41. Nh5+ Kf7 42. Re3 Nd6 43. bxa5 Rch8 44. Ng3 Rxh4 45. Ne2 Rh1+ 46. Kf2 Nc4
47. Rd3 Nb2 48. Ke3 Nxd3 49. Kxd3 Ra1 50. Ke3 Rg8 51. Kd2 Rxa3 52. Nc1 Rc8 53.
Nd3 Ra2+ 54. Kd1 Rxc3 0-1

[Event "New West Fall op"]
[Site "New Westminster CAN"]
[Date "2019.10.13"]
[Round "4.2"]
[White "Moura, Eduardo"]
[Black "Roback, Joe"]
[Result "1-0"]
[WhiteElo "2066"]
[BlackElo "1986"]
[PlyCount "61"]
[EventDate "2019.10.12"]
[EventType "swiss"]
[EventRounds "6"]
[EventCountry "CAN"]

1. e4 c5 2. d4 cxd4 3. c3 Nf6 4. e5 Nd5 5. Nf3 Nc6 6. cxd4 d6 7. Bc4 Nb6 8. Bb3
d5 9. Nh4 e6 10. Nf3 Be7 11. Nc3 Bd7 12. O-O a6 13. Ne2 g5 14. Ne1 Na5 15. Bc2
Bb5 16. f4 g4 17. f5 h5 18. fxe6 fxe6 19. Nd3 Qc7 20. Ndf4 Bd7 21. Bg6+ Kd8 22.
Bxh5 Nc6 23. Bxg4 Qc8 24. Ng6 Rg8 25. Nxe7 Kxe7 26. h3 Qe8 27. b3 Qg6 28. Ba3+
Kd8 29. Qd2 Nc8 30. Nf4 Qe4 31. Bxe6 1-0

[Event "New West Fall op"]
[Site "New Westminster CAN"]
[Date "2019.10.13"]
[Round "4.3"]
[White "Dixit, Arun"]
[Black "Escandor, Manuel Omana"]
[Result "1-0"]
[WhiteElo "2166"]
[BlackElo "1763"]
[PlyCount "127"]
[EventDate "2019.10.12"]
[EventType "swiss"]
[EventRounds "6"]
[EventCountry "CAN"]

1. d4 e6 2. c4 d5 3. g3 g6 4. Nf3 Bg7 5. Bg2 Ne7 6. O-O O-O 7. Qc2 Nbc6 8. Rd1
Nf5 9. e3 Nd6 10. c5 Ne4 11. b3 Bd7 12. b4 Ne7 13. a4 b6 14. Nfd2 f5 15. f3 Nf6
16. Ba3 bxc5 17. bxc5 Nc6 18. Nc3 Rb8 19. Rab1 a6 20. Bf1 Rxb1 21. Rxb1 Qa8 22.
Qd3 Bc8 23. f4 Ne4 24. Na2 Bb7 25. Nb4 Nxd2 26. Qxd2 Nxb4 27. Qxb4 Bc6 28. Qa5
Rb8 29. Rb4 Rxb4 30. Bxb4 Qe8 31. Qxc7 Bxa4 32. Bxa6 Bf8 33. Qb6 Bc6 34. Ba5
Be7 35. Qa7 Kg7 36. Bb6 Kf6 37. Bc7 g5 38. Be5+ Kg6 39. Qb6 Qa8 40. Be2 Bd8 41.
Bc7 Bf6 42. fxg5 Bxg5 43. Bf4 Bd8 44. Qb1 Qa5 45. Qf1 Bg5 46. Qf3 Bxf4 47. gxf4
Qe1+ 48. Kg2 Qh4 49. Qg3+ Qxg3+ 50. hxg3 h6 51. Kf2 Kf6 52. Ke1 Ke7 53. Kd2 Kd7
54. Kc3 Kc7 55. Bh5 Bd7 56. Kb4 Kc6 57. Ka5 Kb7 58. Bf7 Kc6 59. Ka6 Kc7 60. Ka7
Bc8 61. Be8 Bb7 62. Bd7 Bc8 63. Bxc8 Kxc8 64. Kb6 1-0

[Event "New West Fall op"]
[Site "New Westminster CAN"]
[Date "2019.10.13"]
[Round "4.4"]
[White "He, Matthew"]
[Black "Erichsen, Dan"]
[Result "1/2-1/2"]
[WhiteElo "1731"]
[BlackElo "2052"]
[PlyCount "69"]
[EventDate "2019.10.12"]
[EventType "swiss"]
[EventRounds "6"]
[EventCountry "CAN"]

1. d4 d5 2. c4 c6 3. cxd5 cxd5 4. Bf4 e6 5. Nc3 Bd6 6. Bxd6 Qxd6 7. e3 Nf6 8.
f4 O-O 9. Bd3 Bd7 10. Nf3 Bc6 11. O-O Ne4 12. Bxe4 dxe4 13. Ng5 f5 14. Qb3 Re8
15. Rfd1 Bd5 16. Nxd5 Qxd5 17. Qxd5 exd5 18. Rdc1 Nc6 19. Rc5 Rad8 20. a3 h6
21. Nh3 Kf7 22. Nf2 Ke6 23. Rac1 Rc8 24. h3 Ne7 25. Kf1 Rxc5 26. Rxc5 Rc8 27.
Rxc8 Nxc8 28. a4 Nd6 29. b3 b6 30. Ke2 g5 31. g3 b5 32. axb5 Nxb5 33. Kd2 gxf4
34. gxf4 Kf6 35. Nh1 1/2-1/2

[Event "New West Fall op"]
[Site "New Westminster CAN"]
[Date "2019.10.13"]
[Round "4.5"]
[White "Wu, Charles"]
[Black "Yang, Brian"]
[Result "1/2-1/2"]
[WhiteElo "1824"]
[BlackElo "1959"]
[PlyCount "40"]
[EventDate "2019.10.12"]
[EventType "swiss"]
[EventRounds "6"]
[EventCountry "CAN"]

1. d4 Nf6 2. Bf4 d5 3. e3 c5 4. dxc5 e6 5. b4 a5 6. c3 Nc6 7. Bb5 Bd7 8. Bxc6
Bxc6 9. Nf3 axb4 10. cxb4 b6 11. Ne5 Ba4 12. Qc1 bxc5 13. Nc3 Bd7 14. bxc5 Bxc5
15. O-O Rc8 16. Qb2 Nh5 17. Bg3 Nxg3 18. hxg3 Rb8 19. Qc2 Rc8 20. Qb3 Rb8
1/2-1/2

[Event "New West Fall op"]
[Site "New Westminster CAN"]
[Date "2019.10.13"]
[Round "4.6"]
[White "Zhang, Andy"]
[Black "Shinn, Jungmin"]
[Result "1/2-1/2"]
[WhiteElo "1687"]
[BlackElo "1922"]
[PlyCount "52"]
[EventDate "2019.10.12"]
[EventType "swiss"]
[EventRounds "6"]
[EventCountry "CAN"]

1. Nf3 d5 2. d4 Nf6 3. g3 e6 4. Bg2 b5 5. O-O Bb7 6. c3 Nbd7 7. Bf4 Be7 8. a4
a6 9. axb5 axb5 10. Rxa8 Bxa8 11. Qb3 Bc6 12. Nbd2 O-O 13. Ra1 Qb8 14. Qa2 Qb6
15. Qb1 Bd6 16. Bxd6 cxd6 17. Ra3 Ra8 18. Qa1 Qb7 19. Rxa8+ Qxa8 20. Qxa8+ Bxa8
21. Ne1 Nb8 22. Nc2 Na6 23. e3 Bc6 24. Bf1 Ne8 25. Bd3 Kf8 26. Nb3 Nec7 1/2-1/2

[Event "New West Fall op"]
[Site "New Westminster CAN"]
[Date "2019.10.13"]
[Round "4.7"]
[White "Huang, Ryan"]
[Black "Su, Ethan"]
[Result "1/2-1/2"]
[WhiteElo "2002"]
[BlackElo "1902"]
[PlyCount "62"]
[EventDate "2019.10.12"]
[EventType "swiss"]
[EventRounds "6"]
[EventCountry "CAN"]

1. d4 e6 2. c4 b6 3. Nc3 c5 4. d5 d6 5. e4 e5 6. Nge2 Nf6 7. Ng3 g6 8. f3 Bg7
9. Be3 Nbd7 10. Qd2 a6 11. Be2 O-O 12. Nf1 Ne8 13. g4 Nc7 14. h4 Rb8 15. h5 b5
16. Bh6 Qe7 17. Ng3 bxc4 18. O-O-O Nf6 19. Rdg1 Nfe8 20. Bxg7 Nxg7 21. Qh6 Nce8
22. hxg6 fxg6 23. Qxh7+ Kf7 24. Bxc4 Qg5+ 25. f4 exf4 26. Nf1 Nf6 27. Qh2 Bxg4
28. Qd2 Rh8 29. Nh2 Rh5 30. Nxg4 Rxh1 31. Rxh1 Qxg4 1/2-1/2

[Event "New West Fall op"]
[Site "New Westminster CAN"]
[Date "2019.10.13"]
[Round "4.8"]
[White "Cheng, Louis"]
[Black "Wu, Nathan"]
[Result "0-1"]
[WhiteElo "1935"]
[BlackElo "1691"]
[PlyCount "60"]
[EventDate "2019.10.12"]
[EventType "swiss"]
[EventRounds "6"]
[EventCountry "CAN"]

1. d4 d5 2. c4 dxc4 3. e4 b5 4. a4 c6 5. axb5 cxb5 6. Nc3 a6 7. Nxb5 axb5 8.
Rxa8 Bb7 9. Ra1 e6 10. f3 f5 11. Bf4 fxe4 12. fxe4 Bb4+ 13. Kf2 Nf6 14. e5 Ne4+
15. Ke3 Bd2+ 16. Ke2 Qxd4 17. Qxd2 Nxd2 18. Bxd2 Qxe5+ 19. Kd1 Qxb2 20. Ra7 Be4
21. Ne2 Qb1+ 22. Bc1 c3 23. Nd4 O-O 24. Bxb5 Rd8 25. Ke2 Rxd4 26. Be8 Qd3+ 27.
Kf2 Qc2+ 28. Ke3 Rd3+ 29. Kf4 Qf2+ 30. Kxe4 Qf5# 0-1

[Event "New West Fall op"]
[Site "New Westminster CAN"]
[Date "2019.10.13"]
[Round "4.9"]
[White "Petrov, Ivan"]
[Black "Yang, Jingyun (Ryan)"]
[Result "1/2-1/2"]
[WhiteElo "1838"]
[BlackElo "1784"]
[PlyCount "77"]
[EventDate "2019.10.12"]
[EventType "swiss"]
[EventRounds "6"]
[EventCountry "CAN"]

1. Nf3 d5 2. d4 g6 3. c4 c6 4. Qc2 Bf5 5. Qb3 Qb6 6. g3 Bg7 7. c5 Qxb3 8. axb3
Nf6 9. Bg2 Na6 10. Bd2 Ne4 11. Bc3 Nc7 12. Na3 b6 13. cxb6 axb6 14. O-O Nxc3
15. bxc3 O-O 16. Nh4 Bd7 17. e3 Ra7 18. Nc2 Rfa8 19. c4 Be6 20. Rxa7 Rxa7 21.
Nb4 dxc4 22. Nxc6 Ra2 23. d5 Nxd5 24. Bxd5 Bxd5 25. Nxe7+ Kf8 26. Nxd5 cxb3 27.
Nxb6 b2 28. Nc4 Ra1 29. Nd2 Ke7 30. Nhf3 Kd6 31. Nd4 Bxd4 32. exd4 Kd5 33. Rb1
Rxb1+ 34. Nxb1 Kxd4 35. Kf1 Kd3 36. Ke1 Kc2 37. Na3+ Kb3 38. Nb1 Kc2 39. Na3+
1/2-1/2

[Event "New West Fall op"]
[Site "New Westminster CAN"]
[Date "2019.10.13"]
[Round "4.10"]
[White "Gu, Stephanie"]
[Black "Jiang, Kate"]
[Result "0-1"]
[WhiteElo "1718"]
[BlackElo "2034"]
[PlyCount "62"]
[EventDate "2019.10.12"]
[EventType "swiss"]
[EventRounds "6"]
[EventCountry "CAN"]

1. e4 e5 2. Nf3 Nc6 3. Bc4 Nf6 4. d3 Bc5 5. c3 d6 6. Nbd2 O-O 7. O-O Re8 8. h3
h6 9. Re1 Be6 10. Bxe6 Rxe6 11. Qe2 Bb6 12. Nc4 Qd7 13. a4 a6 14. Nxb6 cxb6 15.
Be3 Qc7 16. Nh4 d5 17. Bd2 Rd8 18. Nf5 Na5 19. Rad1 Nb3 20. Ng3 Qd7 21. exd5
Nxd5 22. Qg4 Nf6 23. Qb4 Nc5 24. Re3 Nxd3 25. Qa3 Nf4 26. Ree1 Rd6 27. Nf1 Qc6
28. f3 e4 29. Re3 N4d5 30. Re2 exf3 31. gxf3 Nf4 0-1

[Event "New West Fall op"]
[Site "New Westminster CAN"]
[Date "2019.10.14"]
[Round "5.1"]
[White "Gorovets, Andrey"]
[Black "Dixit, Arun"]
[Result "1-0"]
[WhiteElo "2526"]
[BlackElo "2166"]
[PlyCount "69"]
[EventDate "2019.10.12"]
[EventType "swiss"]
[EventRounds "6"]
[EventCountry "CAN"]

1. d4 Nf6 2. Bf4 c6 3. e3 d6 4. h3 Nbd7 5. Nf3 g6 6. c4 Bg7 7. Nc3 Qa5 8. Qc2
O-O 9. Be2 a6 10. Rb1 Re8 11. b4 Qd8 12. Rd1 b5 13. c5 Nf8 14. O-O Bf5 15. Qb3
Ne4 16. Ng5 Nxg5 17. Bxg5 dxc5 18. bxc5 Be6 19. Qb2 Qa5 20. a3 Rab8 21. Bf4 Rb7
22. Bf3 Rc8 23. Qb4 Qxb4 24. axb4 a5 25. bxa5 Ra7 26. Ra1 Bd7 27. a6 Rca8 28.
Nxb5 cxb5 29. Bxa8 Rxa8 30. a7 e5 31. Bxe5 Bxe5 32. dxe5 Ne6 33. Rfd1 Nxc5 34.
Rd5 Nb3 35. Rad1 1-0

[Event "New West Fall op"]
[Site "New Westminster CAN"]
[Date "2019.10.14"]
[Round "5.2"]
[White "Erichsen, Dan"]
[Black "Moura, Eduardo"]
[Result "0-1"]
[WhiteElo "2052"]
[BlackElo "2066"]
[PlyCount "104"]
[EventDate "2019.10.12"]
[EventType "swiss"]
[EventRounds "6"]
[EventCountry "CAN"]

1. e4 d6 2. d4 Nf6 3. Nc3 e5 4. Nf3 Nbd7 5. Be3 Be7 6. h3 c6 7. Qd2 b5 8. a3
Bb7 9. Bd3 O-O 10. O-O a6 11. Rfe1 c5 12. d5 h6 13. Nh2 Nh7 14. f4 exf4 15.
Bxf4 Ne5 16. Qd1 Nf6 17. Nf3 Nfd7 18. Nxe5 Nxe5 19. Qh5 Bg5 20. Bg3 g6 21. Qd1
Bh4 22. Re3 Bg5 23. Re1 Qe7 24. Nb1 Rae8 25. Nd2 Bf6 26. Bf1 Nd7 27. c3 Be5 28.
Bf2 f5 29. a4 fxe4 30. Nxe4 Qf7 31. Qc2 c4 32. axb5 axb5 33. Ra7 Bxd5 34. Kh1
Re7 35. Bd4 Bxd4 36. cxd4 Bxe4 37. Rxe4 Qxf1+ 38. Kh2 Rxe4 39. Qxe4 Qf4+ 40.
Qxf4 Rxf4 41. Rxd7 Rxd4 42. Rb7 Rd5 43. Kg3 Rd3+ 44. Kf4 Rb3 45. Ke4 Rxb2 46.
Kd5 Re2 47. Kxd6 Rxg2 48. Ke6 h5 49. Rxb5 Kg7 50. Rc5 Rh2 51. Rxc4 Rxh3 52. Rf4
Re3+ 0-1

[Event "New West Fall op"]
[Site "New Westminster CAN"]
[Date "2019.10.14"]
[Round "5.3"]
[White "Wu, Nathan"]
[Black "Amerkeshev, Madiyar"]
[Result "0-1"]
[WhiteElo "1691"]
[BlackElo "2066"]
[PlyCount "56"]
[EventDate "2019.10.12"]
[EventType "swiss"]
[EventRounds "6"]
[EventCountry "CAN"]

1. d4 Nf6 2. Bf4 c5 3. e3 g6 4. Nf3 Bg7 5. h3 cxd4 6. exd4 Qb6 7. Nc3 O-O 8.
Rb1 d6 9. Be2 Bf5 10. O-O Nc6 11. Be3 Nb4 12. Rc1 Rac8 13. a3 Nbd5 14. Nxd5
Nxd5 15. b3 Nxe3 16. fxe3 Qa5 17. a4 Bh6 18. Kf2 Rc3 19. Bd3 Rfc8 20. Qd2 Qc7
21. Ne1 e5 22. dxe5 dxe5 23. g4 Bxd3 24. Nxd3 e4 25. Nf4 Bxf4 26. Qd1 Bxe3+ 27.
Ke1 Bxc1 28. Qxc1 Qg3+ 0-1

[Event "New West Fall op"]
[Site "New Westminster CAN"]
[Date "2019.10.14"]
[Round "5.4"]
[White "Roback, Joe"]
[Black "Wu, Charles"]
[Result "1-0"]
[WhiteElo "1986"]
[BlackElo "1824"]
[PlyCount "73"]
[EventDate "2019.10.12"]
[EventType "swiss"]
[EventRounds "6"]
[EventCountry "CAN"]

1. e4 d5 2. exd5 Qxd5 3. Nc3 Qd6 4. d4 c6 5. Bc4 Nf6 6. Nf3 Bg4 7. Be3 e6 8. h3
Bh5 9. g4 Bg6 10. Ne5 Nbd7 11. Nxg6 hxg6 12. Qe2 Be7 13. O-O-O b5 14. Bd3 Nb6
15. Kb1 b4 16. Ne4 Nxe4 17. Bxe4 Nd5 18. Bd2 a5 19. Qd3 g5 20. Rde1 Rb8 21. Ka1
a4 22. Qg3 Qd8 23. Rd1 Qb6 24. Qd3 Bf6 25. Bxd5 cxd5 26. Be3 Qc7 27. Qd2 O-O
28. h4 gxh4 29. g5 Bd8 30. Rxh4 Re8 31. Bf4 e5 32. Rdh1 f6 33. dxe5 fxe5 34.
Qxd5+ Kf8 35. Rh8+ Ke7 36. Rxe8+ Kxe8 37. Qe6+ 1-0